Renewable energy; ថាមពលកកើតឡើងវិញ (Record no. 10109)

000 -LEADER
fixed length control field 00287nam a22001097a 4500
040 ## - CATALOGING SOURCE
Transcribing agency SK
082 ## - DEWEY DECIMAL CLASSIFICATION NUMBER
Classification number 333
100 ## - MAIN ENTRY--AUTHOR NAME
Personal name ជ្រុន រិទ្ធី
245 ## - TITLE STATEMENT
Title Renewable energy; ថាមពលកកើតឡើងវិញ
260 ## - PUBLICATION, DISTRIBUTION, ETC. (IMPRINT)
Place of publication RUA
Name of publisher ជ្រុន
Year of publication 2008
942 ## - ADDED ENTRY ELEMENTS (KOHA)
Koha item type សៀវភៅភាសាខ្មែរ
952 ## - LOCATION AND ITEM INFORMATION (KOHA)
Withdrawn status [LOCAL, KOHA] 0
952 ## - LOCATION AND ITEM INFORMATION (KOHA)
Withdrawn status [LOCAL, KOHA] 0
952 ## - LOCATION AND ITEM INFORMATION (KOHA)
Withdrawn status [LOCAL, KOHA] 0
952 ## - LOCATION AND ITEM INFORMATION (KOHA)
Withdrawn status [LOCAL, KOHA] 0
Holdings
Permanent Location Date acquired Koha item type Lost status Shelving location Barcode Current Location Full call number
Library Block C2016-09-20សៀវភៅភាសាខ្មែរ C018A00812Library Block C333 ជ្រុន 2008 C018 Or.
Library Block C2016-10-12សៀវភៅភាសាខ្មែរ C256RUA045208Library Block C333 ជ្រុន 2008 C256
Library Block C2016-10-14សៀវភៅភាសាខ្មែរ C243RUA045788Library Block C333 ជ្រុន 2011 C243
Library Block C2016-10-14សៀវភៅភាសាខ្មែរ C243RUA046399Library Block C333 ជ្រុន 2011 C243
មជ្ឈមណ្ឌលឯការនៃសាកលវិទ្យាល័យភូមិន្ទកសិកម្មចំការដូង

Powered by Koha